LIBRARY & INFORMATION CENTRE, KCAET, TAVANUR

ONLINE PUBLIC ACCESS CATALOGUE (OPAC)

Fourteenth international congres on irrigation and drainage, Brazil vol-1-D (Record no. 5719)

MARC details
000 -LEADER
fixed length control field 00385cam a2200157ua 4500
041 ## - LANGUAGE CODE
Language code of text/sound track or separate title eng
082 ## - DEWEY DECIMAL CLASSIFICATION NUMBER
Classification number 627.52
Item number INT/FO
100 ## - MAIN ENTRY--AUTHOR NAME
Personal name ICID, .
245 00 - TITLE STATEMENT
Title Fourteenth international congres on irrigation and drainage, Brazil vol-1-D
260 ## - PUBLICATION, DISTRIBUTION, ETC. (IMPRINT)
Place of publication :
Name of publisher ICID and CIID ,
Year of publication 1990.
300 ## - PHYSICAL DESCRIPTION
Number of Pages 177 ; .
500 ## - GENERAL NOTE
General note 20268 Ref
942 ## - ADDED ENTRY ELEMENTS (KOHA)
Koha item type Books
Holdings
Withdrawn status Lost status Damaged status Home library Current library Date acquired Full call number Accession Number Koha item type
      KAUAET   07/04/2012 627.52 20268 Books
free website counter